[Event "LLO18/19"]
[Site "Mecklenburg-Vorpommern"]
[Date "2018.10.21"]
[Round "1.1"]
[White "Greinert, Timo"]
[Black "Ertel, Wolfhard"]
[Result "1-0"]
[WhiteElo "1827"]
[BlackElo "1820"]
[PlyCount "87"]
[EventDate "2018.??.??"]
[EventType "team-tourn"]
[EventRounds "9"]
[EventCountry "GER"]
[WhiteTeam "SAV Torgelow II"]
[BlackTeam "Seehotel Binz"]
[WhiteTeamCountry "GER"]
[BlackTeamCountry "GER"]

1. c4 e5 2. Nc3 Nf6 3. g3 Nc6 4. Bg2 Be7 5. e3 O-O 6. Nge2 d6 7. Rb1 Rb8 8. b4
Bf5 9. d3 Qd7 10. O-O Bh3 11. f4 Bxg2 12. Kxg2 Nd8 13. e4 exf4 14. Nxf4 Ne6 15.
Be3 Nxf4+ 16. Rxf4 a6 17. Qe2 c6 18. Rbf1 b5 19. cxb5 cxb5 20. Bd4 Qe6 21. Rf5
Rbc8 22. Nd5 Nxd5 23. Rxd5 Rc6 24. Rdf5 g6 25. R5f2 d5 26. a3 dxe4 27. dxe4 Rc4
28. Qe3 f5 29. Re2 Qc6 30. Kg1 fxe4 31. Rxf8+ Bxf8 32. Be5 a5 33. Rf2 Qd7 34.
Qf4 Qe7 35. bxa5 e3 36. Qxe3 Qc5 37. Qf3 Rc1+ 38. Kg2 Qc6 39. Qxc6 Rxc6 40. Rf3
Be7 41. Rb3 Rc5 42. a6 Rc6 43. a7 Ra6 44. Bd4 1-0

[Event "LLO18/19"]
[Site "Mecklenburg-Vorpommern"]
[Date "2018.10.21"]
[Round "1.2"]
[White "Alder, Bodo"]
[Black "Kilp, Gunnar"]
[Result "1/2-1/2"]
[WhiteElo "1793"]
[BlackElo "1677"]
[PlyCount "36"]
[EventDate "2018.??.??"]
[EventType "team-tourn"]
[EventRounds "9"]
[EventCountry "GER"]
[WhiteTeam "Seehotel Binz"]
[BlackTeam "SAV Torgelow II"]
[WhiteTeamCountry "GER"]
[BlackTeamCountry "GER"]

1. Nf3 Nc6 2. b3 d5 3. Bb2 Nf6 4. e3 Bg4 5. Be2 e6 6. a3 Bd6 7. d4 Ne7 8. Nbd2
c5 9. c4 cxd4 10. exd4 O-O 11. O-O Bf4 12. Ne5 Bxe2 13. Qxe2 Nd7 14. Rfd1 Rc8
15. g3 Bxd2 16. Rxd2 Nf6 17. Rc1 Nc6 18. b4 dxc4 1/2-1/2

[Event "LLO18/19"]
[Site "Mecklenburg-Vorpommern"]
[Date "2018.10.21"]
[Round "1.3"]
[White "Schmidt, Paul1"]
[Black "Horch, Helmut"]
[Result "0-1"]
[WhiteElo "1704"]
[BlackElo "1760"]
[PlyCount "56"]
[EventDate "2018.??.??"]
[EventType "team-tourn"]
[EventRounds "9"]
[EventCountry "GER"]
[WhiteTeam "SAV Torgelow II"]
[BlackTeam "Seehotel Binz"]
[WhiteTeamCountry "GER"]
[BlackTeamCountry "GER"]

1. e4 e6 2. d4 d5 3. Nc3 dxe4 4. Nxe4 Nd7 5. Nf3 Ngf6 6. Bd3 Be7 7. Bf4 Nxe4 8.
Bxe4 Nf6 9. Bd3 O-O 10. O-O b6 11. c4 c5 12. Ne5 Bb7 13. dxc5 Bxc5 14. Qc2 Qd4
15. Bg3 Qd8 16. Rad1 Qe7 17. Bh4 h6 18. Bh7+ Kh8 19. Rd7 Qe8 20. Rxf7 Rxf7 21.
Bg6 Be4 22. Nxf7+ Qxf7 23. Bxe4 Rd8 24. Bg6 Qd7 25. Qe2 Qd4 26. Bg3 Qd2 27.
Qxe6 Qxb2 28. Be5 Qxf2+ 0-1

[Event "LLO18/19"]
[Site "Mecklenburg-Vorpommern"]
[Date "2018.10.21"]
[Round "1.4"]
[White "Oergel, Ullrich"]
[Black "Schmekel, Felix"]
[Result "1-0"]
[WhiteElo "1738"]
[BlackElo "1649"]
[PlyCount "89"]
[EventDate "2018.??.??"]
[EventType "team-tourn"]
[EventRounds "9"]
[EventCountry "GER"]
[WhiteTeam "Seehotel Binz"]
[BlackTeam "SAV Torgelow II"]
[WhiteTeamCountry "GER"]
[BlackTeamCountry "GER"]

1. c4 g6 2. Nc3 Bg7 3. d4 d6 4. g3 Nd7 5. Bg2 e5 6. e3 Ne7 7. Nge2 O-O 8. O-O
f5 9. dxe5 dxe5 10. b3 e4 11. Ba3 Rf7 12. Rc1 Nc6 13. Nf4 Qe8 14. Nb5 Nf6 15.
Nd5 Nxd5 16. cxd5 a6 17. Nxc7 Rxc7 18. dxc6 Rxc6 19. Rxc6 bxc6 20. Qc2 Be6 21.
Rc1 Bd5 22. Bf1 Qd7 23. Rd1 Qe6 24. Bb2 Bxb2 25. Qxb2 a5 26. Qd4 a4 27. Bc4
axb3 28. axb3 Bxc4 29. bxc4 Kf7 30. Qb6 Ra4 31. Qd8 Ra7 32. Qh8 Re7 33. Rd8 Re8
34. Qxh7+ Kf6 35. Rxe8 Qxe8 36. Qc7 Qe6 37. Qd8+ Kf7 38. Qd4 Ke7 39. Kg2 Qd6
40. f3 c5 41. Qxd6+ Kxd6 42. fxe4 fxe4 43. g4 Ke6 44. Kg3 Ke5 45. h4 1-0

[Event "LLO18/19"]
[Site "Mecklenburg-Vorpommern"]
[Date "2018.10.21"]
[Round "1.5"]
[White "Bollnow, Alex"]
[Black "Rosenbusch, Robert Mario"]
[Result "1/2-1/2"]
[WhiteElo "1640"]
[BlackElo "1670"]
[PlyCount "75"]
[EventDate "2018.??.??"]
[EventType "team-tourn"]
[EventRounds "9"]
[EventCountry "GER"]
[WhiteTeam "SAV Torgelow II"]
[BlackTeam "Seehotel Binz"]
[WhiteTeamCountry "GER"]
[BlackTeamCountry "GER"]

1. e4 e6 2. d4 d5 3. Nc3 Nf6 4. e5 Nfd7 5. f4 c5 6. Nf3 Nc6 7. Ne2 Qb6 8. c3 f6
9. Qc2 cxd4 10. Nexd4 Nxd4 11. cxd4 Bb4+ 12. Bd2 O-O 13. Bd3 Bxd2+ 14. Qxd2 f5
15. Qc2 Qb4+ 16. Qd2 Qxd2+ 17. Kxd2 Nb8 18. Rac1 Bd7 19. Rc3 Nc6 20. Rhc1 Rfc8
21. a3 Kf7 22. b4 Ke7 23. Ke3 a6 24. Nd2 Na7 25. Rxc8 Rxc8 26. Rxc8 Nxc8 27.
Nb3 Nb6 28. Nc5 Bc6 29. h3 Nc4+ 30. Bxc4 dxc4 31. g4 g6 32. g5 Bd5 33. Na4 Kd8
34. Nb6 Kc7 35. Na4 b6 36. Nc3 Kc6 37. a4 b5 38. a5 1/2-1/2

[Event "LLO18/19"]
[Site "Mecklenburg-Vorpommern"]
[Date "2018.10.21"]
[Round "1.6"]
[White "Ilanz, Kazimierz"]
[Black "Schmekel, Matthias"]
[Result "1-0"]
[WhiteElo "1570"]
[BlackElo "1588"]
[PlyCount "69"]
[EventDate "2018.??.??"]
[EventType "team-tourn"]
[EventRounds "9"]
[EventCountry "GER"]
[WhiteTeam "Seehotel Binz"]
[BlackTeam "SAV Torgelow II"]
[WhiteTeamCountry "GER"]
[BlackTeamCountry "GER"]

1. e4 c5 2. Bc4 e6 3. Nc3 a6 4. a4 Nc6 5. Nf3 Qc7 6. d3 Bd6 7. Bd2 Nge7 8. Qc1
Ng6 9. h3 Nce5 10. Nxe5 Bxe5 11. Ne2 O-O 12. O-O b6 13. Rb1 Bb7 14. f4 Bf6 15.
Ba2 Rae8 16. Qe1 d5 17. e5 Bd8 18. b4 f6 19. bxc5 bxc5 20. d4 fxe5 21. dxe5 Kh8
22. Rb2 Qc6 23. a5 Rf7 24. Rb1 Ref8 25. Qg3 d4 26. Qg4 Nh4 27. Rf2 Nf5 28. Rf3
Bh4 29. Rb6 Qe4 30. Rd3 Ne3 31. Bxe3 dxe3 32. Bxe6 Rxf4 33. Nxf4 Rxf4 34. Rxb7
Bf2+ 35. Kh1 1-0

[Event "LLO18/19"]
[Site "Mecklenburg-Vorpommern"]
[Date "2018.10.21"]
[Round "1.7"]
[White "Wolfgramm, Theo"]
[Black "Breitenfeldt, Ulrich"]
[Result "1-0"]
[WhiteElo "1648"]
[BlackElo "1422"]
[PlyCount "53"]
[EventDate "2018.??.??"]
[EventType "team-tourn"]
[EventRounds "9"]
[EventCountry "GER"]
[WhiteTeam "SAV Torgelow II"]
[BlackTeam "Seehotel Binz"]
[WhiteTeamCountry "GER"]
[BlackTeamCountry "GER"]

1. e4 c5 2. Nf3 Nc6 3. c3 d6 4. d4 cxd4 5. cxd4 g6 6. Nc3 Bg7 7. Be3 a6 8. Be2
Nf6 9. Qd2 Ng4 10. O-O Nxe3 11. fxe3 O-O 12. Rf2 b5 13. Raf1 b4 14. Nd5 Rb8 15.
Bc4 e6 16. Nf4 Ne7 17. Nh3 h6 18. Qd3 a5 19. Qc2 Bd7 20. Bd3 Qb6 21. e5 dxe5
22. Nxe5 Bxe5 23. dxe5 Qxe3 24. Qd2 Qa7 25. Qxh6 Nf5 26. Bxf5 exf5 27. Ng5 1-0

[Event "LLO18/19"]
[Site "Mecklenburg-Vorpommern"]
[Date "2018.10.21"]
[Round "1.8"]
[White "Schleef, Roberto"]
[Black "Hagemann, Sven Bastian"]
[Result "1-0"]
[WhiteElo "1559"]
[BlackElo "1366"]
[PlyCount "45"]
[EventDate "2018.??.??"]
[EventType "team-tourn"]
[EventRounds "9"]
[EventCountry "GER"]
[WhiteTeam "Seehotel Binz"]
[BlackTeam "SAV Torgelow II"]
[WhiteTeamCountry "GER"]
[BlackTeamCountry "GER"]

1. d4 Nf6 2. c4 g6 3. Nc3 Bg7 4. e4 d6 5. f4 O-O 6. Nf3 Nbd7 7. h3 c5 8. d5 Nb6
9. a4 a5 10. Bd3 Re8 11. O-O Nfd7 12. Nb5 Nf8 13. e5 Bd7 14. exd6 Bxb5 15. dxe7
Qxe7 16. axb5 Nc8 17. Qc2 b6 18. Bd2 Nd6 19. Rae1 Qf6 20. Ne5 Nf5 21. Bc3 Ne7
22. Nxg6 Qd6 23. Ne5 1-0

[Event "LLO18/19"]
[Site "Mecklenburg-Vorpommern"]
[Date "2018.10.21"]
[Round "1.1"]
[White "Schulz, Daniel"]
[Black "Voelschow, Siegfried"]
[Result "0-1"]
[WhiteElo "1910"]
[BlackElo "1851"]
[PlyCount "86"]
[EventDate "2018.??.??"]
[EventType "team-tourn"]
[EventRounds "9"]
[EventCountry "GER"]
[WhiteTeam "SG Neubrandenburg"]
[BlackTeam "Waterkant Saal"]
[WhiteTeamCountry "GER"]
[BlackTeamCountry "GER"]

1. e4 e5 2. Nc3 Nf6 3. f4 d5 4. fxe5 Nxe4 5. Nf3 Bg4 6. Qe2 Nxc3 7. bxc3 c5 8.
Qb5+ Qd7 9. Rb1 b6 10. Qxd7+ Nxd7 11. Bb5 Be7 12. O-O O-O-O 13. d4 f6 14. Bf4
Kb7 15. Kh1 Rhf8 16. Rbe1 Bxf3 17. Rxf3 fxe5 18. Bxd7 Rxd7 19. Bxe5 Rxf3 20.
gxf3 Bh4 21. Rf1 Kc6 22. Kg2 Kb5 23. Kh3 Bd8 24. f4 Ka4 25. Kg4 g6 26. Rb1 Ka3
27. f5 Kxa2 28. Rb3 h5+ 29. Kf4 g5+ 30. Ke3 Rf7 31. dxc5 bxc5 32. Bd6 Bb6 33.
Kd2 Rxf5 34. Rb5 Rf2+ 35. Kc1 Rf1+ 36. Kd2 Rf2+ 37. Kc1 Rf1+ 38. Kd2 Ka3 39.
Bxc5+ Bxc5 40. Ra5+ Kb2 41. Rxc5 Rf2+ 42. Kd3 Rxh2 43. Rxd5 g4 0-1

[Event "LLO18/19"]
[Site "Mecklenburg-Vorpommern"]
[Date "2018.10.21"]
[Round "1.2"]
[White "Schwarz, Eckhard"]
[Black "Stoevesand, Peter"]
[Result "0-1"]
[WhiteElo "1867"]
[BlackElo "1937"]
[PlyCount "66"]
[EventDate "2018.??.??"]
[EventType "team-tourn"]
[EventRounds "9"]
[EventCountry "GER"]
[WhiteTeam "Waterkant Saal"]
[BlackTeam "SG Neubrandenburg"]
[WhiteTeamCountry "GER"]
[BlackTeamCountry "GER"]

1. Nf3 d5 2. d4 Nf6 3. Bf4 Bf5 4. e3 e6 5. Bd3 Bg6 6. Ne5 Nbd7 7. Nxg6 hxg6 8.
Nd2 Bd6 9. Bxd6 cxd6 10. c3 O-O 11. O-O e5 12. dxe5 dxe5 13. e4 Nc5 14. Bc2
Ncxe4 15. Nxe4 Nxe4 16. Qe2 Qb6 17. Bxe4 dxe4 18. Qxe4 Qxb2 19. Qxe5 Rfe8 20.
Qg3 Rac8 21. Rab1 Qxa2 22. Rxb7 a5 23. h3 a4 24. Rd1 a3 25. Rdd7 Qc4 26. Rxf7
Qxf7 27. Rxf7 Kxf7 28. Qf3+ Kg8 29. Qd5+ Kh7 30. Qb3 Ra8 31. Qc4 Rec8 32. Qa2
Rxc3 33. h4 Rc2 0-1

[Event "LLO18/19"]
[Site "Mecklenburg-Vorpommern"]
[Date "2018.10.21"]
[Round "1.3"]
[White "Stoevesand, Eric"]
[Black "Wiese, Frank"]
[Result "1/2-1/2"]
[WhiteElo "1975"]
[BlackElo "1899"]
[PlyCount "55"]
[EventDate "2018.??.??"]
[EventType "team-tourn"]
[EventRounds "9"]
[EventCountry "GER"]
[WhiteTeam "SG Neubrandenburg"]
[BlackTeam "Waterkant Saal"]
[WhiteTeamCountry "GER"]
[BlackTeamCountry "GER"]

1. e4 g6 2. d4 Bg7 3. Nf3 d6 4. Nc3 Nd7 5. Be3 a6 6. Bc4 e6 7. Ng5 Nb6 8. Bb3
h6 9. Nf3 Ne7 10. Qd2 d5 11. e5 Nf5 12. g4 Nxe3 13. fxe3 Nd7 14. e4 c6 15.
O-O-O b5 16. exd5 exd5 17. e6 fxe6 18. Qd3 Nf8 19. Rde1 Qd6 20. Rhf1 Bd7 21.
Ne5 Bxe5 22. Rxe5 O-O-O 23. Rf6 Qe7 24. Qf3 Qb4 25. Qd3 Qe7 26. Qf3 Qb4 27. Qe3
Qe7 28. Qf3 1/2-1/2

[Event "LLO18/19"]
[Site "Mecklenburg-Vorpommern"]
[Date "2018.10.21"]
[Round "1.4"]
[White "Onasch, Gunnar"]
[Black "Rossmann, Andreas"]
[Result "1/2-1/2"]
[WhiteElo "1802"]
[BlackElo "1920"]
[PlyCount "63"]
[EventDate "2018.??.??"]
[EventType "team-tourn"]
[EventRounds "9"]
[EventCountry "GER"]
[WhiteTeam "Waterkant Saal"]
[BlackTeam "SG Neubrandenburg"]
[WhiteTeamCountry "GER"]
[BlackTeamCountry "GER"]

1. d4 Nf6 2. c4 e6 3. Nf3 d5 4. Nc3 Be7 5. Qc2 O-O 6. e3 Nbd7 7. Be2 c5 8. O-O
b6 9. cxd5 exd5 10. Rd1 Bb7 11. b3 Rc8 12. Qd2 Ne4 13. Nxe4 dxe4 14. Ne5 Nxe5
15. dxe5 Qc7 16. Bb2 Rcd8 17. Qe1 Rxd1 18. Rxd1 Rd8 19. Bc4 Bc6 20. a4 Rxd1 21.
Qxd1 Qd8 22. Qxd8+ Bxd8 23. Kf1 Kf8 24. Ke2 Bc7 25. f3 Ke7 26. f4 h5 27. Bc3 a5
28. Kf2 Bd8 29. h3 h4 30. g3 hxg3+ 31. Kxg3 g6 32. Kg4 1/2-1/2

[Event "LLO18/19"]
[Site "Mecklenburg-Vorpommern"]
[Date "2018.10.21"]
[Round "1.5"]
[White "Pruesse, Horst"]
[Black "Richter, Frank"]
[Result "1-0"]
[WhiteElo "1936"]
[BlackElo "1754"]
[PlyCount "45"]
[EventDate "2018.??.??"]
[EventType "team-tourn"]
[EventRounds "9"]
[EventCountry "GER"]
[WhiteTeam "SG Neubrandenburg"]
[BlackTeam "Waterkant Saal"]
[WhiteTeamCountry "GER"]
[BlackTeamCountry "GER"]

1. e4 c6 2. d4 d5 3. e5 c5 4. dxc5 e6 5. Be3 Nc6 6. Nf3 Qc7 7. Bb5 Nge7 8. c3
Bd7 9. Qa4 Rd8 10. O-O a6 11. Bxc6 Nxc6 12. Qf4 Be7 13. Qg3 Kf8 14. Nbd2 Na7
15. b4 Nc8 16. a4 b6 17. Nb3 b5 18. axb5 Bxb5 19. Rfd1 Na7 20. Nbd4 Qb7 21. Ra3
Ra8 22. Rda1 f6 23. Nxe6+ 1-0

[Event "LLO18/19"]
[Site "Mecklenburg-Vorpommern"]
[Date "2018.10.21"]
[Round "1.6"]
[White "Nickel, Reimo"]
[Black "Baier, Karsten"]
[Result "1/2-1/2"]
[WhiteElo "1710"]
[BlackElo "1875"]
[PlyCount "88"]
[EventDate "2018.??.??"]
[EventType "team-tourn"]
[EventRounds "9"]
[EventCountry "GER"]
[WhiteTeam "Waterkant Saal"]
[BlackTeam "SG Neubrandenburg"]
[WhiteTeamCountry "GER"]
[BlackTeamCountry "GER"]

1. d4 Nf6 2. c3 d5 3. Bf4 e6 4. h3 Bd6 5. Bxd6 Qxd6 6. Nd2 O-O 7. Ngf3 Nbd7 8.
e3 b6 9. Bd3 Bb7 10. Qc2 h6 11. O-O c5 12. b3 Rac8 13. Qb2 Rfe8 14. Bb5 a6 15.
Be2 b5 16. Rac1 c4 17. b4 Ne4 18. Ra1 Nb6 19. Bd1 Ra8 20. a3 Nd7 21. Re1 e5 22.
a4 exd4 23. Nxd4 Ne5 24. Be2 bxa4 25. Rxa4 Qf6 26. Nxe4 dxe4 27. Rf1 Nd3 28.
Qa2 Rac8 29. Ra5 Re5 30. Qa4 Rce8 31. Qd7 Bc8 32. Qc7 Rxa5 33. bxa5 Qg5 34. Kh2
Qe5+ 35. Qxe5 Rxe5 36. Rb1 Bd7 37. Rb8+ Kh7 38. Rb7 Be8 39. Rc7 Rxa5 40. Rxc4
Nxf2 41. Rc8 Ba4 42. Ra8 Nd3 43. Ra7 Be8 44. Ra8 Ba4 1/2-1/2

[Event "LLO18/19"]
[Site "Mecklenburg-Vorpommern"]
[Date "2018.10.21"]
[Round "1.7"]
[White "Lichte, Martin"]
[Black "Ehmann, Roland"]
[Result "0-1"]
[WhiteElo "1870"]
[BlackElo "1632"]
[PlyCount "58"]
[EventDate "2018.??.??"]
[EventType "team-tourn"]
[EventRounds "9"]
[EventCountry "GER"]
[WhiteTeam "SG Neubrandenburg"]
[BlackTeam "Waterkant Saal"]
[WhiteTeamCountry "GER"]
[BlackTeamCountry "GER"]

1. Nf3 d5 2. g3 e6 3. Bg2 c6 4. O-O f5 5. d3 Nf6 6. Nbd2 Bd6 7. c4 O-O 8. cxd5
cxd5 9. Nb3 Nc6 10. Bd2 e5 11. Rc1 f4 12. e3 Bg4 13. Qe1 e4 14. dxe4 dxe4 15.
Nfd4 Nxd4 16. Nxd4 f3 17. Bh1 Bh3 18. Qd1 Qd7 19. Qb3+ Kh8 20. Rfd1 Bg2 21.
Bxg2 fxg2 22. Kxg2 Ng4 23. Rf1 Rf6 24. h3 Nxf2 25. Rxf2 Rxf2+ 26. Kxf2 Qxh3 27.
Qe6 Rf8+ 28. Ke2 Qg2+ 29. Kd1 Qf1+ 0-1

[Event "LLO18/19"]
[Site "Mecklenburg-Vorpommern"]
[Date "2018.10.21"]
[Round "1.8"]
[White "Nickel, Udo"]
[Black "Witkowski, Rainer"]
[Result "0-1"]
[WhiteElo "1604"]
[BlackElo "1819"]
[PlyCount "80"]
[EventDate "2018.??.??"]
[EventType "team-tourn"]
[EventRounds "9"]
[EventCountry "GER"]
[WhiteTeam "Waterkant Saal"]
[BlackTeam "SG Neubrandenburg"]
[WhiteTeamCountry "GER"]
[BlackTeamCountry "GER"]

1. d4 e6 2. c4 f5 3. Bf4 Nf6 4. Nc3 d5 5. e3 Be7 6. Nf3 O-O 7. Bd3 c6 8. O-O
Ne4 9. Qc2 a6 10. a4 a5 11. Be5 Na6 12. Na2 Nb4 13. Nxb4 Bxb4 14. Rfc1 Bd7 15.
Bxe4 fxe4 16. Nd2 Be8 17. Nf1 Bd6 18. Bg3 Rb8 19. Qe2 Bxg3 20. Nxg3 b5 21. cxd5
cxd5 22. axb5 Rxb5 23. Qc2 Qb6 24. Rab1 a4 25. Nh1 Rb3 26. Qc5 Qxc5 27. dxc5
Bc6 28. Ng3 Rfb8 29. Ne2 Rxb2 30. Rxb2 Rxb2 31. Nc3 e5 32. h3 Kf7 33. Ra1 Rb4
34. Kf1 Rc4 35. Ra3 Rxc5 36. f3 exf3 37. gxf3 Rc4 38. Kf2 Ke6 39. Ne2 g5 40. h4
Rxh4 0-1

[Event "LLO18/19"]
[Site "Mecklenburg-Vorpommern"]
[Date "2018.10.21"]
[Round "1.1"]
[White "Burwitz, Joerg"]
[Black "Rickmann, Niklas"]
[Result "1/2-1/2"]
[WhiteElo "1727"]
[BlackElo "1688"]
[PlyCount "36"]
[EventDate "2018.??.??"]
[EventType "team-tourn"]
[EventRounds "9"]
[EventCountry "GER"]
[WhiteTeam "RUGIA Bergen"]
[BlackTeam "FHSG Stralsund II"]
[WhiteTeamCountry "GER"]
[BlackTeamCountry "GER"]

1. d4 Nf6 2. Nf3 g6 3. g3 Bg7 4. Bg2 d6 5. O-O O-O 6. c4 c6 7. Nc3 Na6 8. Bg5
h6 9. Bxf6 Bxf6 10. Qd2 Kh7 11. e4 e5 12. d5 c5 13. a3 Bg7 14. Ne1 g5 15. Nd3
f5 16. exf5 Bxf5 17. Be4 Qd7 18. Rae1 Nc7 1/2-1/2

[Event "LLO18/19"]
[Site "Mecklenburg-Vorpommern"]
[Date "2018.10.21"]
[Round "1.2"]
[White "Vietinghoff, Klaus"]
[Black "Pawlick, Helmut"]
[Result "1/2-1/2"]
[WhiteElo "1694"]
[BlackElo "1834"]
[PlyCount "48"]
[EventDate "2018.??.??"]
[EventType "team-tourn"]
[EventRounds "9"]
[EventCountry "GER"]
[WhiteTeam "FHSG Stralsund II"]
[BlackTeam "RUGIA Bergen"]
[WhiteTeamCountry "GER"]
[BlackTeamCountry "GER"]

1. f4 e5 2. fxe5 d6 3. exd6 Bxd6 4. Nf3 g5 5. g3 g4 6. Nh4 Ne7 7. d4 Ng6 8.
Nxg6 hxg6 9. Qd3 Nc6 10. c3 f5 11. e4 fxe4 12. Qxe4+ Ne7 13. Bg5 Bf5 14. Qe3
Qd7 15. Bg2 O-O-O 16. O-O Rde8 17. Qd2 Rh5 18. Na3 Reh8 19. Rf2 Kb8 20. Nc4
Rxh2 21. Nxd6 Qxd6 22. Bf4 Qd7 23. Re1 R2h7 24. Rfe2 Rc8 1/2-1/2

[Event "LLO18/19"]
[Site "Mecklenburg-Vorpommern"]
[Date "2018.10.21"]
[Round "1.4"]
[White "Jenschke, Tim"]
[Black "Scheel, Manfred"]
[Result "1-0"]
[WhiteElo "1529"]
[BlackElo "1611"]
[PlyCount "79"]
[EventDate "2018.??.??"]
[EventType "team-tourn"]
[EventRounds "9"]
[EventCountry "GER"]
[WhiteTeam "FHSG Stralsund II"]
[BlackTeam "RUGIA Bergen"]
[WhiteTeamCountry "GER"]
[BlackTeamCountry "GER"]

1. Nf3 e6 2. d4 Nf6 3. g3 Be7 4. Bg2 O-O 5. O-O h6 6. c4 c6 7. Qc2 d5 8. Nbd2
Nh7 9. b3 Nd7 10. e4 dxe4 11. Qxe4 Ng5 12. Qe2 Re8 13. Bb2 Nxf3+ 14. Nxf3 Nf8
15. Rad1 Qa5 16. a3 Bd7 17. Ne5 Rad8 18. Qf3 Bf6 19. Ng4 Nh7 20. Nxf6+ Nxf6 21.
b4 Qc7 22. d5 e5 23. d6 Qc8 24. Qc3 Bh3 25. Rfe1 Bxg2 26. Kxg2 e4 27. Rd4 c5
28. bxc5 Qxc5 29. Rdxe4 Rxe4 30. Rxe4 Qc6 31. f3 Qxd6 32. Rd4 Qe7 33. Rxd8+
Qxd8 34. Kf2 Qf8 35. Qb4 Qxb4 36. axb4 Nd7 37. Ke3 g6 38. Ke4 f5+ 39. Kd5 Kf7
40. c5 1-0

[Event "LLO18/19"]
[Site "Mecklenburg-Vorpommern"]
[Date "2018.10.21"]
[Round "1.5"]
[White "Jepp, Wolfgang"]
[Black "Vlach, Michael"]
[Result "1/2-1/2"]
[WhiteElo "1574"]
[BlackElo "1595"]
[PlyCount "32"]
[EventDate "2018.??.??"]
[EventType "team-tourn"]
[EventRounds "9"]
[EventCountry "GER"]
[WhiteTeam "RUGIA Bergen"]
[BlackTeam "FHSG Stralsund II"]
[WhiteTeamCountry "GER"]
[BlackTeamCountry "GER"]

1. e4 e6 2. d4 d5 3. exd5 exd5 4. Bd3 Ne7 5. Ne2 Ng6 6. Nd2 Bg4 7. f3 Be6 8.
O-O Bd6 9. Rf2 O-O 10. Nf1 c5 11. c3 Nc6 12. Be3 c4 13. Bc2 b5 14. Qd2 Qc7 15.
f4 f5 16. g3 Nce7 1/2-1/2

[Event "LLO18/19"]
[Site "Mecklenburg-Vorpommern"]
[Date "2018.10.21"]
[Round "1.6"]
[White "Klinger, Clemens"]
[Black "Feldt, Horst"]
[Result "1/2-1/2"]
[WhiteElo "1583"]
[BlackElo "1561"]
[PlyCount "29"]
[EventDate "2018.??.??"]
[EventType "team-tourn"]
[EventRounds "9"]
[EventCountry "GER"]
[WhiteTeam "FHSG Stralsund II"]
[BlackTeam "RUGIA Bergen"]
[WhiteTeamCountry "GER"]
[BlackTeamCountry "GER"]

1. e4 d5 2. exd5 Nf6 3. Bb5+ Bd7 4. Bc4 Bg4 5. Be2 Bxe2 6. Qxe2 Qxd5 7. Nf3 e6
8. Nc3 Qc6 9. O-O Bd6 10. d3 O-O 11. Ne5 Bxe5 12. Qxe5 Nbd7 13. Qe2 Rfe8 14.
Bg5 h6 15. Bxf6 1/2-1/2

[Event "LLO18/19"]
[Site "Mecklenburg-Vorpommern"]
[Date "2018.10.21"]
[Round "1.7"]
[White "Krueger, Bodo"]
[Black "Boettner, Oliver"]
[Result "0-1"]
[WhiteElo "1503"]
[BlackElo "1504"]
[PlyCount "115"]
[EventDate "2018.??.??"]
[EventType "team-tourn"]
[EventRounds "9"]
[EventCountry "GER"]
[WhiteTeam "RUGIA Bergen"]
[BlackTeam "FHSG Stralsund II"]
[WhiteTeamCountry "GER"]
[BlackTeamCountry "GER"]

1. d4 f5 2. c4 Nf6 3. Nc3 g6 4. g3 Bg7 5. Bg2 O-O 6. Nf3 d6 7. O-O h6 8. b3 Kh7
9. Bb2 Nbd7 10. Re1 e5 11. dxe5 dxe5 12. Qc2 Qe7 13. Rad1 c6 14. Qc1 Nb6 15.
Ba3 c5 16. Qe3 Nfd7 17. Nd5 Nxd5 18. Rxd5 b6 19. Red1 e4 20. Ne1 Nf6 21. Rd6
Ng4 22. Qc1 Be5 23. R6d5 Be6 24. R5d2 Rad8 25. Rxd8 Rxd8 26. Rxd8 Qxd8 27. h3
Nf6 28. Nc2 g5 29. Bb2 Qc7 30. Qa1 Nd7 31. Ne3 Qd6 32. g4 Kg6 33. Bxe5 Qxe5 34.
Qd1 Qd4 35. Qc2 Ne5 36. gxf5+ Bxf5 37. Nxf5 Kxf5 38. e3 Qd3 39. Qc1 Qe2 40. Bf1
Nd3 41. Bxe2 Nxc1 42. Bd1 Nxa2 43. Kg2 Nb4 44. f3 Nd3 45. Kg3 Ne1 46. fxe4+
Kxe4 47. Kf2 Nd3+ 48. Ke2 Nb4 49. Kd2 Nc6 50. Bc2+ Kf3 51. Bd1+ Kg3 52. Bg4 Ne5
53. Bc8 h5 54. Ke2 g4 55. hxg4 hxg4 56. Bb7 Kh2 57. Be4 g3 58. Kf1 0-1

[Event "LLO18/19"]
[Site "Mecklenburg-Vorpommern"]
[Date "2018.10.21"]
[Round "1.8"]
[White "Isigkeit, Hans Juergen"]
[Black "Klingenberg, Dietrich"]
[Result "1/2-1/2"]
[WhiteElo "1560"]
[BlackElo "1497"]
[PlyCount "37"]
[EventDate "2018.??.??"]
[EventType "team-tourn"]
[EventRounds "9"]
[EventCountry "GER"]
[WhiteTeam "FHSG Stralsund II"]
[BlackTeam "RUGIA Bergen"]
[WhiteTeamCountry "GER"]
[BlackTeamCountry "GER"]

1. d4 d5 2. c4 c6 3. Nf3 Nf6 4. e3 Bg4 5. Nc3 e6 6. Be2 Nbd7 7. O-O Bd6 8. h3
Bh5 9. cxd5 cxd5 10. Bd2 a6 11. Bd3 O-O 12. e4 dxe4 13. Nxe4 Nxe4 14. Bxe4 Rb8
15. Qe2 Nf6 16. Bg5 Be7 17. Bf4 Bd6 18. Bg5 Be7 19. Bf4 1/2-1/2

[Event "LLO18/19"]
[Site "Mecklenburg-Vorpommern"]
[Date "2018.10.21"]
[Round "1.1"]
[White "Morejko, Wojciech"]
[Black "Hoerhold, Martin"]
[Result "0-1"]
[WhiteElo "1737"]
[BlackElo "1798"]
[PlyCount "60"]
[EventDate "2018.??.??"]
[EventType "team-tourn"]
[EventRounds "9"]
[EventCountry "GER"]
[WhiteTeam "Ribnitz-Damgarten"]
[BlackTeam "SG Neubrandenburg II"]
[WhiteTeamCountry "GER"]
[BlackTeamCountry "GER"]

1. d4 Nf6 2. Bg5 g6 3. Nd2 Bg7 4. e4 d6 5. Ngf3 O-O 6. Be2 c6 7. O-O b5 8. c3
Bb7 9. e5 dxe5 10. Nxe5 Nd5 11. Nd3 Nd7 12. Ne4 Qc7 13. Qd2 Rfe8 14. Bh6 Bh8
15. f4 N5f6 16. Nxf6+ Nxf6 17. Bf3 Rad8 18. Nc5 Bc8 19. Qe2 Nd5 20. Rae1 b4 21.
Bxd5 Rxd5 22. Bg5 bxc3 23. bxc3 Qa5 24. Qb2 Rxc5 25. dxc5 Bxc3 26. Qc1 Bd2 27.
Qd1 Qxc5+ 28. Kh1 Bxe1 29. Rxe1 Be6 30. h3 Qd5 0-1

[Event "LLO18/19"]
[Site "Mecklenburg-Vorpommern"]
[Date "2018.10.21"]
[Round "1.2"]
[White "Leisner, Ekkehardt"]
[Black "Eckermann, Klaus"]
[Result "1/2-1/2"]
[WhiteElo "1787"]
[BlackElo "1743"]
[PlyCount "88"]
[EventDate "2018.??.??"]
[EventType "team-tourn"]
[EventRounds "9"]
[EventCountry "GER"]
[WhiteTeam "SG Neubrandenburg II"]
[BlackTeam "Ribnitz-Damgarten"]
[WhiteTeamCountry "GER"]
[BlackTeamCountry "GER"]

1. c4 Nf6 2. g3 g6 3. Bg2 Bg7 4. Nc3 O-O 5. e4 d6 6. Nge2 e5 7. d3 c5 8. O-O
Nc6 9. Bg5 h6 10. Bxf6 Bxf6 11. Nd5 Bg7 12. Rb1 Be6 13. Nec3 Bxd5 14. Nxd5 Ne7
15. Nxe7+ Qxe7 16. b4 cxb4 17. Rxb4 Rfc8 18. Qb3 b6 19. Rb5 Rc5 20. Rb1 Rac8
21. a4 Qd7 22. Qb4 Bf6 23. Qd2 Kg7 24. Qd1 Bd8 25. Bf1 a6 26. R5b4 Ra5 27. d4
Qe6 28. d5 Qd7 29. h4 Bc7 30. Kh2 Rf8 31. Bh3 Qe8 32. R1b2 Rc5 33. Qc2 f6 34.
Rb1 h5 35. Qd3 Ra5 36. Qc2 Rc5 37. R1b3 Bd8 38. Qd3 Ra5 39. Ra3 Bc7 40. Be6 Bd8
41. Kh3 g5 42. f3 Qg6 43. Bf5 Qe8 44. Qe3 Rc5 1/2-1/2